Normal view
MARC view
- Jain, Giyān Cand,
Entry Personal Name
001 - CONTROL NUMBER
- control field: 5716
003 - CONTROL NUMBER IDENTIFIER
- control field: NUST
005 - DATE AND TIME OF LATEST TRANSACTION
- control field: 20171030111049.0
008 - FIXED-LENGTH DATA ELEMENTS
- fixed length control field: 171030|| aca||aabn | a|a d
040 ## - CATALOGING SOURCE
- Original cataloging agency: NUST
- Transcribing agency: NUST
100 ## - HEADING--PERSONAL NAME
- Personal name: Jain, Giyān Cand,
- Dates associated with a name: 1923-2007.
670 ## - SOURCE DATA FOUND
- Source citation: Work cat.: (NUST)0: Iqbal, Muhammad, Sir, 1877-1938. 20, Ibtidāʼī kalām-i Iqbāl, bah tartīb mah o sāl /, 1988.
